[Event "Campionatul National pe Echipe - SUPERL"]
[Site "?"]
[Date "2016.11.23"]
[Round "?"]
[White "Vasile , Teodora"]
[Black "Dobre, Ana Margareta"]
[Result "1-0"]
[WhiteElo "1959"]
[BlackElo "1956"]
[PlyCount "81"]
[EventDate "2016.??.??"]

1. e4 c6 2. d4 d5 3. e5 c5 4. Nf3 Bg4 5. c4 Nc6 6. cxd5 Bxf3 7. Qxf3 Nxd4 8.
Qe4 Qb6 9. Nc3 g6 10. a4 f5 11. Qb1 Qb3 12. Bb5+ Kd8 13. O-O a6 14. Bd3 Bg7 15.
f4 Nh6 16. a5 c4 17. Ra3 Qb4 18. Be2 Nxe2+ 19. Nxe2 Ng4 20. Nd4 Qc5 21. Rd1 Ke8
22. h3 Nh6 23. Be3 Qxd5 24. Nxf5 Qf7 25. Nxg7+ Qxg7 26. Qe4 e6 27. Qxc4 Nf5 28.
Qxe6+ Qe7 29. Qxe7+ Kxe7 30. Bc5+ Kf7 31. Rad3 Rac8 32. b4 g5 33. g4 Nh4 34. f5
Rhe8 35. Rd7+ Kg8 36. e6 b6 37. axb6 a5 38. b7 Rb8 39. Ba7 Nf3+ 40. Kf2 Ne5 41.
Bxb8 1-0

[Event "1nd Romanian Teams Championship - Leagu"]
[Site "?"]
[Date "2015.10.11"]
[Round "?"]
[White "Dobre, Ana Margareta"]
[Black "Cosman, Andreea-Marioara"]
[Result "0-1"]
[WhiteElo "1977"]
[BlackElo "2072"]
[PlyCount "108"]
[EventDate "2015.??.??"]

1. e4 c5 2. Ne2 d6 3. g3 g6 4. Bg2 Bg7 5. O-O e5 6. c3 Nc6 7. f4 Nge7 8. Kh1
O-O 9. d3 Be6 10. Nd2 d5 11. Qc2 Qc7 12. Nf3 c4 13. Ng5 Bg4 14. exd5 cxd3 15.
Qxd3 Rad8 16. Qc4 Bxe2 17. Qxe2 Nxd5 18. Qc4 Nb6 19. Qc5 h6 20. Nf3 e4 21. Ne5
Rd5 22. Qf2 Nxe5 23. fxe5 Qxe5 24. Be3 Nc4 25. Bd4 Qe6 26. Bxg7 Kxg7 27. Qxa7
b6 28. Rae1 Re5 29. Qc7 Nxb2 30. Rb1 Nc4 31. Rb4 b5 32. Qb7 Ne3 33. Rf2 Qg4 34.
Bf1 Qd1 35. Qb6 Nd5 36. Qd6 Re6 37. Qd7 Qe1 38. Rbb2 e3 39. Qxd5 exf2 40. Qd4+
Qe5 41. Qxe5+ Rxe5 42. Kg2 Rc8 43. Kxf2 Rxc3 44. Bxb5 Rec5 45. a4 Rc2+ 46. Rxc2
Rxc2+ 47. Kg1 Ra2 48. h3 f5 49. g4 f4 50. Bc6 Kf6 51. h4 Ke5 52. Bd7 f3 53. h5
g5 54. a5 Kf4 0-1

[Event "1nd Romanian Teams Championship - Leagu"]
[Site "?"]
[Date "2015.10.10"]
[Round "?"]
[White "Florea, Dorina"]
[Black "Dobre, Ana Margareta"]
[Result "0-1"]
[WhiteElo "1771"]
[BlackElo "1977"]
[PlyCount "150"]
[EventDate "2015.??.??"]

1. e4 g6 2. d4 c6 3. Nf3 d5 4. Nc3 Bg7 5. h3 dxe4 6. Nxe4 Qc7 7. Be2 Nd7 8. O-O
Ngf6 9. Nxf6+ Nxf6 10. Re1 O-O 11. Bd2 a5 12. c4 Ne4 13. Be3 Rd8 14. Qc1 b6 15.
Rd1 Ba6 16. Bd3 Nf6 17. Bh6 Bh8 18. Bf4 Qb7 19. Rb1 b5 20. b3 b4 21. Qe3 e6 22.
Bg5 Re8 23. Bf4 Rac8 24. Be5 Qa8 25. Qg5 Nd7 26. Bxh8 Kxh8 27. Qh6 f5 28. Ng5
Re7 29. Re1 Nf8 30. Re5 Rd8 31. Nf3 Bb7 32. Rbe1 Rde8 33. Nh4 Qd8 34. Nf3 c5
35. Ng5 Qxd4 36. Nxe6 Nxe6 37. Rxe6 Qd8 38. Bxf5 Rxe6 39. Bxe6 Qf6 40. Qe3 Bc8
41. Qe5 Qxe5 42. Rxe5 Bxe6 43. Rxc5 Ra8 44. g4 h6 45. f4 Kg7 46. Kf2 Kf6 47.
Kf3 Ke7 48. Ke4 Kd6 49. Rb5 Bd7 50. Rb6+ Bc6+ 51. Kd4 Rf8 52. c5+ Kc7 53. Ke5
Rd8 54. f5 gxf5 55. gxf5 Rd5+ 56. Ke6 Rxc5 57. Rxc6+ Rxc6+ 58. Ke7 Rc3 59. h4
Rh3 60. f6 Rxh4 61. f7 Rf4 62. f8=Q Rxf8 63. Kxf8 h5 64. Kf7 h4 65. Kf6 h3 66.
Kf5 h2 67. Kf4 h1=Q 68. Ke3 Qh4 69. Kd2 Qg3 70. Kc2 Qc3+ 71. Kd1 Qb2 72. Ke1
Kd6 73. Kf1 Ke5 74. Kg1 Kf4 75. Kf1 Kf3 0-1

[Event "1nd Romanian Teams Championship - Leagu"]
[Site "?"]
[Date "2015.10.09"]
[Round "?"]
[White "Dobre, Ana Margareta"]
[Black "Ionescu Brandis, Irina"]
[Result "1/2-1/2"]
[WhiteElo "1977"]
[BlackElo "2225"]
[PlyCount "85"]
[EventDate "2015.??.??"]

1. e4 g6 2. Nf3 Bg7 3. d4 c6 4. Bd3 d6 5. h3 e5 6. c3 Nd7 7. dxe5 dxe5 8. Bc2
Ngf6 9. Qd3 Bf8 10. Qd1 Qc7 11. b3 Nc5 12. O-O Ne6 13. Nbd2 b5 14. a4 Bb7 15.
Bb2 a6 16. c4 Nd7 17. axb5 cxb5 18. cxb5 Bg7 19. Nc4 O-O 20. Qd6 axb5 21. Qxc7
Nxc7 22. Ncxe5 Nc5 23. Rfe1 Rxa1 24. Bxa1 Ra8 25. Bc3 Re8 26. b4 Nd7 27. Nxd7
Bxc3 28. Rd1 Bxe4 29. Bxe4 Rxe4 30. Rc1 Nd5 31. Rxc3 Nxc3 32. Nf6+ Kg7 33. Nxe4
Nxe4 34. Nd4 Nc3 35. f4 Kf6 36. g3 Ke7 37. Kf2 Kd6 38. Ke3 Nd5+ 39. Kd2 Nc7 40.
Kd3 Kd5 41. Nc2 Na6 42. Ne3+ Kd6 43. Nc2 1/2-1/2

[Event "1nd Romanian Teams Championship - Leagu"]
[Site "?"]
[Date "2015.10.08"]
[Round "?"]
[White "Dragomirescu Grigorieva, Angela"]
[Black "Dobre, Ana Margareta"]
[Result "1-0"]
[WhiteElo "2198"]
[BlackElo "1977"]
[PlyCount "47"]
[EventDate "2015.??.??"]

1. d4 d5 2. c4 e6 3. Qc2 dxc4 4. Qxc4 Nf6 5. Nf3 a6 6. Qc2 Nbd7 7. g3 c5 8. Bg2
cxd4 9. Nxd4 Bc5 10. Nb3 Bd6 11. O-O O-O 12. Rd1 Qe7 13. N1d2 Nc5 14. Nc4 Nxb3
15. Qxb3 Bc7 16. Bd2 Nd5 17. e4 b5 18. Na5 b4 19. Nc6 Qf6 20. exd5 exd5 21.
Bxb4 Re8 22. Qxd5 Be6 23. Qd4 Qg6 24. Ne7+ 1-0

[Event "1nd Romanian Teams Championship - Leagu"]
[Site "?"]
[Date "2015.10.07"]
[Round "?"]
[White "Dobre, Ana Margareta"]
[Black "Ilie, Maria Ruxandra"]
[Result "1/2-1/2"]
[WhiteElo "1977"]
[BlackElo "2024"]
[PlyCount "90"]
[EventDate "2015.??.??"]

1. e4 c5 2. Nf3 e6 3. g3 Nc6 4. Bg2 g6 5. O-O Bg7 6. c3 Nge7 7. Na3 d5 8. Qe2
dxe4 9. Qxe4 O-O 10. Nc4 Rb8 11. d4 b5 12. Nce5 Bb7 13. Qe2 cxd4 14. Rd1 Nxe5
15. Nxe5 Bxg2 16. Kxg2 Qd5+ 17. Nf3 Nc6 18. Kg1 e5 19. cxd4 Nxd4 20. Nxd4 exd4
21. Qd3 Rfe8 22. Bf4 Rbc8 23. a4 b4 24. Bd2 a5 25. Rac1 h5 26. Be3 Rxc1 27.
Rxc1 Qf3 28. Qb5 Re4 29. Bf4 Re2 30. Rf1 d3 31. Qxa5 d2 32. Qd8+ Kh7 33. Bxd2
Bxb2 34. Bxb4 Bf6 35. Qd7 Bg7 36. Bc5 Rc2 37. Be3 Re2 38. Qd1 Bh6 39. Bxh6 Kxh6
40. a5 Qe4 41. Qa1 Kh7 42. a6 Qd5 43. a7 Ra2 44. Qf6 Rxa7 45. Re1 Rb7 1/2-1/2

[Event "1nd Romanian Teams Championship - Leagu"]
[Site "?"]
[Date "2015.10.05"]
[Round "?"]
[White "Vasile , Teodora"]
[Black "Dobre, Ana Margareta"]
[Result "1-0"]
[WhiteElo "1940"]
[BlackElo "1977"]
[PlyCount "45"]
[EventDate "2015.??.??"]

1. e4 d5 2. exd5 Nf6 3. Bb5+ Bd7 4. Bxd7+ Nbxd7 5. c4 c6 6. dxc6 Ne5 7. d4 Nxc6
8. d5 Ne5 9. Qe2 Qc7 10. Bf4 Nd3+ 11. Qxd3 Qxf4 12. Ne2 Qh4 13. Qd4 Qxd4 14.
Nxd4 O-O-O 15. Nb5 e6 16. Nxa7+ Kb8 17. Nb5 Bb4+ 18. N1c3 exd5 19. O-O-O dxc4
20. f3 Kc8 21. Rhe1 Rhe8 22. Rxe8 Nxe8 23. Na7+ 1-0

[Event "1nd Romanian Teams Championship - Leagu"]
[Site "?"]
[Date "2015.10.04"]
[Round "?"]
[White "Dobre, Ana Margareta"]
[Black "Lolici, Iselin Amanda"]
[Result "1/2-1/2"]
[WhiteElo "1977"]
[BlackElo "1932"]
[PlyCount "91"]
[EventDate "2015.??.??"]

1. e4 c5 2. Nf3 Nc6 3. d4 cxd4 4. Nxd4 Nf6 5. Nc3 g6 6. Be3 Bg7 7. Bc4 O-O 8.
Bb3 a5 9. f3 a4 10. Bxa4 d5 11. Nxc6 bxc6 12. Bxc6 Rb8 13. O-O dxe4 14. Nxe4
Rxb2 15. Bd4 Nxe4 16. Bxg7 Kxg7 17. Bxe4 Qb6+ 18. Kh1 Rd8 19. Qe1 Ba6 20. Qc3+
Qd4 21. Qxd4+ Rxd4 22. Rfb1 Rxb1+ 23. Rxb1 f5 24. Bd3 Bxd3 25. cxd3 Rxd3 26.
Kg1 Ra3 27. Ra1 e5 28. Kf2 Kf6 29. Ke2 g5 30. Kd2 h5 31. Kc2 g4 32. Kb2 Re3 33.
fxg4 Re2+ 34. Kc3 hxg4 35. h3 Rxg2 36. hxg4 Rxg4 37. a4 Rg8 38. a5 f4 39. a6
Kf5 40. a7 Ra8 41. Kd3 e4+ 42. Ke2 Kg4 43. Rg1+ Kf5 44. Ra1 Kg4 45. Rg1+ Kf5
46. Ra1 1/2-1/2

[Event "Romanian Teams Championship 2015 - 1st "]
[Site "Complexul Cleopatra - Mamaia,"]
[Date "2015.10.03"]
[Round "1.3"]
[White "Foisor, Cristina Adela B"]
[Black "Dobre, Ana Margareta"]
[Result "1-0"]
[WhiteElo "2346"]
[BlackElo "1977"]
[PlyCount "83"]
[EventDate "2015.10.03"]
[EventType "team"]
[EventRounds "9"]
[WhiteTeam "CS Politehnica-Antibiotice Ia?i"]
[BlackTeam "Clubul Central de ?ah Bucure?ti"]

1. d4 d5 2. Nf3 Nf6 3. c4 e6 4. Nc3 Bb4 5. Qa4+ Nc6 6. Ne5 a5 7. Nxc6 bxc6 8.
Bg5 Bd7 9. c5 Qb8 10. Bd2 Bxc3 11. Bxc3 Ne4 12. Qc2 O-O 13. e3 Bc8 14. Bd3 f5
15. O-O Ba6 16. Rfd1 Bxd3 17. Rxd3 Qe8 18. Be1 Qg6 19. f3 Ng5 20. Bg3 h5 21.
Kh1 h4 22. Bxc7 h3 23. Bf4 Kf7 24. Rg1 Qh5 25. Bxg5 Qxg5 26. gxh3 Qh5 27. Qg2
g6 28. Rb3 Rab8 29. Qg3 Rxb3 30. axb3 Rb8 31. Ra1 Rxb3 32. Rxa5 Rb7 33. b4 Qh6
34. Ra6 Qh5 35. Kg2 g5 36. Qe5 Qg6 37. b5 g4 38. b6 gxh3+ 39. Kxh3 Qh5+ 40. Kg2
Qg5+ 41. Qg3 Qe7 42. Ra8 1-0

[Event "Finala Campionatului National Individua"]
[Site "?"]
[Date "2015.04.26"]
[Round "?"]
[White "Dobre, Ana Margareta"]
[Black "Bogdan, Elizaveta"]
[Result "1-0"]
[WhiteElo "2005"]
[BlackElo "1770"]
[PlyCount "75"]
[EventDate "2015.??.??"]

1. Nf3 Nf6 2. g3 d5 3. Bg2 g6 4. d3 Bg7 5. Nbd2 c6 6. e4 O-O 7. O-O e6 8. Re1
Qb6 9. h3 Nh5 10. Nf1 Nf6 11. e5 Nfd7 12. d4 f6 13. exf6 Nxf6 14. Ng5 Re8 15.
c3 Na6 16. Qc2 Bd7 17. Nh2 c5 18. dxc5 Nxc5 19. Be3 Qd6 20. f4 b6 21. Bd4 Rac8
22. Be5 Qf8 23. Rad1 Nh5 24. Nf1 Bxe5 25. Rxe5 Bb5 26. Nxh7 Qg7 27. Ng5 Qf6 28.
Ne3 Nxg3 29. Ng4 Qg7 30. b3 Nh5 31. c4 Nxf4 32. cxb5 Nd7 33. Qd2 Nxh3+ 34. Bxh3
Nxe5 35. Qh2 Nxg4 36. Bxg4 Rc3 37. Bxe6+ Kf8 38. Rf1+ 1-0

[Event "Finala Campionatului National Individua"]
[Site "?"]
[Date "2015.04.25"]
[Round "?"]
[White "Ciungan, Diana Alexandra"]
[Black "Dobre, Ana Margareta"]
[Result "0-1"]
[WhiteElo "1829"]
[BlackElo "2005"]
[PlyCount "118"]
[EventDate "2015.??.??"]

1. e4 d5 2. exd5 Qxd5 3. Nc3 Qd6 4. Bc4 a6 5. a4 Nf6 6. b3 Bg4 7. f3 Be6 8. Bd3
Bxb3 9. Nge2 Qxd3 10. cxb3 e5 11. O-O Bc5+ 12. Kh1 Nc6 13. Ng3 O-O-O 14. Nge4
Bb4 15. Qe1 Nd4 16. Nf2 Qf5 17. Ra2 h5 18. Ncd1 h4 19. Ne3 Qh5 20. Qd1 Qg6 21.
Bb2 Nh5 22. Nh3 Qd3 23. Bxd4 Rxd4 24. Ng4 f6 25. Ngf2 Qg6 26. Ng4 Qd3 27. Ngf2
Qg6 28. Ng4 Rhd8 29. Qe1 Qd3 30. Ra1 g5 31. Nxf6 Nxf6 32. Qxe5 R4d6 33. Qxg5
Rg8 34. Qxh4 Qxd2 35. Rf2 Qc3 36. Rff1 Qb2 37. Nf2 Bc5 38. Rab1 Qe2 39. Rbe1
Qb2 40. Rb1 Qa2 41. g4 Qe2 42. Qg3 Nh5 43. Qg2 Nf4 44. Qg3 Bxf2 45. Rxf2 Rd1+
46. Rxd1 Qxd1+ 47. Qg1 Qxg1+ 48. Kxg1 Nh3+ 49. Kf1 Nxf2 50. Kxf2 Kd7 51. h4 b5
52. axb5 axb5 53. Ke3 c5 54. h5 Ke6 55. Kf4 c4 56. bxc4 bxc4 57. g5 c3 58. h6
c2 59. h7 c1=Q+ 0-1

[Event "Finala Campionatului National Individua"]
[Site "?"]
[Date "2015.04.24"]
[Round "?"]
[White "Dobre, Ana Margareta"]
[Black "Lolici, Iselin Amanda"]
[Result "1/2-1/2"]
[WhiteElo "2005"]
[BlackElo "1934"]
[PlyCount "120"]
[EventDate "2015.??.??"]

1. e4 c5 2. Nf3 Nc6 3. d3 g6 4. g3 Bg7 5. Bg2 e5 6. Be3 d6 7. c3 Nf6 8. Na3 Rb8
9. Qc1 O-O 10. O-O Ng4 11. Bg5 f6 12. Bd2 f5 13. h3 Nf6 14. Bh6 f4 15. Bxg7
Kxg7 16. Kh2 h6 17. d4 Nxe4 18. dxe5 dxe5 19. Qe1 Ng5 20. Nc4 Nxf3+ 21. Bxf3
Qf6 22. Rd1 Be6 23. Nd6 Rbd8 24. Ne4 Rxd1 25. Qxd1 fxg3+ 26. fxg3 Qe7 27. b3 c4
28. b4 Rd8 29. Qe2 Rd3 30. Nc5 Rxc3 31. Bxc6 Bf5 32. Be4 Qg5 33. Qf2 b6 34.
Bxf5 Qxf5 35. Qxf5 gxf5 36. Nd7 e4 37. Rxf5 Rc2+ 38. Kg1 Rxa2 39. Ne5 c3 40.
Rf7+ Kg8 41. Rf1 c2 42. Rc1 Rb2 43. Kf2 Rxb4 44. Rxc2 a5 45. Ng4 a4 46. Nxh6+
Kh7 47. Nf5 a3 48. Rc7+ Kh8 49. Ra7 Rb2+ 50. Ke3 a2 51. h4 b5 52. h5 b4 53.
Kxe4 Re2+ 54. Kd3 b3 55. Kxe2 b2 56. Rxa2 b1=Q 57. Ra8+ Kh7 58. Ra7+ Kg8 59.
Rg7+ Kh8 60. g4 Qe1+ 1/2-1/2

[Event "Finala Campionatului National Individua"]
[Site "?"]
[Date "2015.04.23"]
[Round "?"]
[White "Dobre, Ana Margareta"]
[Black "Rendi, Eva"]
[Result "0-1"]
[WhiteElo "2005"]
[BlackElo "2036"]
[PlyCount "82"]
[EventDate "2015.??.??"]

1. e4 c5 2. Nf3 d6 3. d3 Nc6 4. g3 g6 5. Bg2 Bg7 6. O-O e5 7. c3 Nge7 8. Be3
O-O 9. Na3 h6 10. Qd2 Kh7 11. d4 b6 12. Rad1 Ba6 13. Rfe1 f5 14. dxe5 dxe5 15.
Qc2 Qc7 16. exf5 gxf5 17. Nh4 Kh8 18. b4 f4 19. Bc1 b5 20. Rd5 Nxd5 21. Ng6+
Kg8 22. Nxf8 Rxf8 23. Bxd5+ Kh8 24. Qg6 Ne7 25. Qxa6 Nxd5 26. Nxb5 Qf7 27. Qxa7
Qf6 28. Qxc5 Ne7 29. Nd6 Qg6 30. Ne4 Nf5 31. Kh1 Qh5 32. Kg2 Qg4 33. Nd2 e4 34.
h3 Qg6 35. Nxe4 fxg3 36. fxg3 Nh4+ 37. Kh1 Rf1+ 38. Kh2 Rxe1 39. Bxh6 Bxh6 40.
Qc8+ Kh7 41. Nf2 Qf7 0-1

[Event "Finala Campionatului National Individua"]
[Site "?"]
[Date "2015.04.22"]
[Round "?"]
[White "Porcoleanu, Doina Olga"]
[Black "Dobre, Ana Margareta"]
[Result "0-1"]
[WhiteElo "1604"]
[BlackElo "2005"]
[PlyCount "50"]
[EventDate "2015.??.??"]

1. d4 g6 2. Nf3 Nf6 3. Bf4 d6 4. h3 c6 5. e3 Bg7 6. c3 O-O 7. Bd3 Nbd7 8. O-O
Re8 9. Bc2 b5 10. e4 Bb7 11. Nbd2 e5 12. dxe5 dxe5 13. Be3 c5 14. Nh2 Qc7 15.
f3 c4 16. Ng4 Nh5 17. Bf2 Nc5 18. g3 Rad8 19. Kg2 f5 20. exf5 e4 21. Re1 gxf5
22. Ne3 f4 23. gxf4 exf3+ 24. Kh1 Qxf4 25. Nef1 Re2 0-1

[Event "Camp. rumeno fem 2015"]
[Site "Calimanesti ROM"]
[Date "2015.04.21"]
[Round "4"]
[White "Moldovan ,  Petruta-Alisia "]
[Black "Dobre, Ana Margareta"]
[Result "1-0"]
[WhiteElo "1705"]
[BlackElo "2005"]
[PlyCount "85"]
[EventDate "2015.04.18"]
[EventRounds "9"]

1. d4 Nf6 2. c4 d6 3. Nf3 Nc6 4. g3 g6 5. Bg2 Bg7 6. O-O O-O 7. Nc3 Bg4 8. h3
Bxf3 9. Bxf3 Qd7 10. Bg2 e5 11. dxe5 Nxe5 12. b3 Rfe8 13. Bb2 Rad8 14. Qc2 Qc8
15. Rad1 h5 16. f4 Nc6 17. e4 Nb4 18. Qf2 Nd7 19. a3 Nc6 20. Nd5 Na5 21. Bxg7
Kxg7 22. f5 Rf8 23. f6+ Kh7 24. Ne7 Qb8 25. Rd5 Ne5 26. Rxa5 c6 27. Rxe5 dxe5
28. g4 Qd6 29. Kh1 Qd2 30. Qh4 Rd3 31. Rf5 gxf5 32. Qxh5+ Qh6 33. Qxf5+ Kh8 34.
g5 Qh4 35. g6 Qe1+ 36. Bf1 fxg6 37. Nxg6+ Kg8 38. Qe6+ Rf7 39. Ne7+ Kh8 40.
Ng6+ Kg8 41. Ne7+ Kh8 42. Qc8+ Kh7 43. Qg8+ 1-0

[Event "Finala Campionatului National Individua"]
[Site "?"]
[Date "2015.04.20"]
[Round "?"]
[White "Dobre, Ana Margareta"]
[Black "Florea, Dorina"]
[Result "1-0"]
[WhiteElo "2005"]
[BlackElo "1813"]
[PlyCount "59"]
[EventDate "2015.??.??"]

1. e4 c5 2. Nf3 d6 3. d3 Nc6 4. g3 Nf6 5. Bg2 e6 6. O-O Be7 7. Nbd2 O-O 8. c3
Bd7 9. Ne1 Rb8 10. f4 e5 11. f5 b5 12. g4 h6 13. Qf3 Nh7 14. Qg3 Bh4 15. Qh3
Bf6 16. Ndf3 b4 17. Qg3 bxc3 18. bxc3 Qa5 19. Bd2 Rb2 20. h4 Rfb8 21. g5 hxg5
22. hxg5 Bd8 23. g6 fxg6 24. Qxg6 Bf6 25. Rf2 Be8 26. Qg4 Qc7 27. Bf1 Nf8 28.
Rh2 Kf7 29. Ng2 Qb6 30. Ne3 1-0

[Event "Camp. rumeno fem 2015"]
[Site "Calimanesti ROM"]
[Date "2015.04.18"]
[Round "1"]
[White "Dobre, Ana Margareta"]
[Black "Peptan, Corina-Isabela"]
[Result "0-1"]
[WhiteElo "2005"]
[BlackElo "2430"]
[PlyCount "60"]
[EventDate "2015.04.18"]
[EventRounds "9"]

1. e4 c5 2. Nf3 Nc6 3. d3 g6 4. Be3 Bg7 5. c3 d6 6. Qd2 Rb8 7. d4 Nf6 8. Bd3
cxd4 9. Nxd4 Ne5 10. f3 Nxd3+ 11. Qxd3 O-O 12. c4 a6 13. Nc3 Bd7 14. Qd2 b5 15.
cxb5 axb5 16. h4 b4 17. Nce2 h5 18. Bh6 Qa5 19. Bxg7 Kxg7 20. a4 Rfc8 21. b3
Rc5 22. Nc2 Rc7 23. Ne3 Be6 24. Nd4 Rc3 25. Rb1 Rbc8 26. g4 Qe5 27. Kf2 Bxg4
28. Rbg1 Nxe4+ 29. fxe4 Qf4+ 30. Kg2 Rxe3 0-1

[Event "Campionatele Nationale pe Echipe-Superl"]
[Site "?"]
[Date "2014.11.14"]
[Round "?"]
[White "Lolici, Iselin Amanda"]
[Black "Dobre, Ana Margareta"]
[Result "0-1"]
[WhiteElo "1946"]
[BlackElo "1967"]
[PlyCount "58"]
[EventDate "2014.??.??"]

1. c4 g6 2. g3 Bg7 3. Bg2 d6 4. Nc3 e5 5. e3 Ne7 6. Nge2 O-O 7. O-O c6 8. d4
Qc7 9. b4 a5 10. b5 exd4 11. exd4 Be6 12. Qa4 Nd7 13. bxc6 bxc6 14. c5 dxc5 15.
Bf4 Qa7 16. dxc5 Nxc5 17. Qa3 Nd5 18. Bd6 Nd3 19. Bxf8 Bxf8 20. Qa4 N5b4 21. a3
Nb2 22. axb4 Nxa4 23. Rxa4 Bxb4 24. Rb1 Rb8 25. Bxc6 Qc7 26. Nd5 Bxd5 27. Bxd5
Qc2 28. Nc3 Rd8 29. Rd1 Bxc3 0-1

[Event "Campionatele Nationale pe Echipe-Superl"]
[Site "?"]
[Date "2014.11.13"]
[Round "?"]
[White "Dobre, Ana Margareta"]
[Black "Florea, Dorina"]
[Result "1-0"]
[WhiteElo "1967"]
[BlackElo "1830"]
[PlyCount "63"]
[EventDate "2014.??.??"]

1. e4 c5 2. Nf3 d6 3. d3 Nc6 4. g3 Nf6 5. Bg2 e6 6. O-O Be7 7. Nbd2 O-O 8. c3
Qc7 9. Ne1 Bd7 10. f4 Rfd8 11. g4 e5 12. f5 h6 13. h4 Nh7 14. Ndf3 b5 15. g5
hxg5 16. Nxg5 Be8 17. Qh5 Nf6 18. Qe2 b4 19. Rf3 d5 20. Rg3 dxe4 21. dxe4 Qd6
22. Be3 bxc3 23. bxc3 Rab8 24. h5 Kh8 25. Bf3 Ng8 26. h6 Nxh6 27. Qh2 Kg8 28.
Ne6 fxe6 29. Qxh6 Bf8 30. f6 Rb7 31. Qh4 Rdd7 32. Rh3 1-0

[Event "Campionatele Nationale pe Echipe-Superl"]
[Site "?"]
[Date "2014.11.12"]
[Round "?"]
[White "Dragomirescu Grigorieva, Angela"]
[Black "Dobre, Ana Margareta"]
[Result "0-1"]
[WhiteElo "2208"]
[BlackElo "1967"]
[PlyCount "130"]
[EventDate "2014.??.??"]

1. d4 d5 2. Nf3 Nf6 3. e3 Bf5 4. c4 e6 5. Qb3 Qc8 6. Nc3 dxc4 7. Bxc4 Nbd7 8.
O-O Be7 9. Re1 Nb6 10. e4 Bg4 11. Be2 O-O 12. Be3 c5 13. Rac1 cxd4 14. Bxd4 Qd8
15. Red1 Nbd7 16. Bxf6 Bxf6 17. Bb5 Bxf3 18. Rxd7 Qa5 19. gxf3 a6 20. Rxb7 axb5
21. Rxb5 Qc7 22. Ne2 Qd7 23. a3 Qd2 24. Qc2 Qh6 25. Ng3 Rfd8 26. Rc5 Bd4 27.
Rc4 g6 28. Kg2 Bb6 29. a4 Rd2 30. Rc8+ Rxc8 31. Qxc8+ Kg7 32. Rc2 Rxf2+ 33.
Rxf2 Bxf2 34. Qc3+ Kg8 35. Qc8+ Kg7 36. Qc3+ Kg8 37. b4 Be3 38. Qc8+ Kg7 39.
Qc3+ Kg8 40. b5 Qf4 41. Qc8+ Kg7 42. Qc3+ Kg8 43. a5 h5 44. b6 h4 45. Qc7 Qf6
46. e5 Qg5 47. b7 Ba7 48. b8=Q+ Bxb8 49. Qxb8+ Kg7 50. Qb2 hxg3 51. hxg3 Qd8
52. Qa2 Qa8 53. a6 Qa7 54. Qa4 Kg8 55. Kh3 Kg7 56. Qb5 Qg1 57. Qa5 Qa7 58. Kg2
Kh7 59. g4 Kg7 60. Qb5 Qe3 61. Qb7 Qe2+ 62. Kg3 Qe1+ 63. Kf4 g5+ 64. Kxg5 Qxe5+
65. Kh4 Qh2+ 0-1

[Event "Campionatele Nationale pe Echipe-Superl"]
[Site "?"]
[Date "2014.11.11"]
[Round "?"]
[White "Dobre, Ana Margareta"]
[Black "Ilie, Maria Ruxandra"]
[Result "1/2-1/2"]
[WhiteElo "1967"]
[BlackElo "2024"]
[PlyCount "129"]
[EventDate "2014.??.??"]

1. e4 c5 2. Nf3 e6 3. d3 Nc6 4. g3 g6 5. Bg2 Bg7 6. O-O Nge7 7. Nbd2 O-O 8. Nh4
d6 9. f4 Rb8 10. Nc4 b5 11. Ne3 f5 12. exf5 gxf5 13. g4 fxg4 14. Qxg4 Nd4 15.
Kh1 Kh8 16. c3 Ndf5 17. Rf3 Rg8 18. Nexf5 exf5 19. Qg5 Bxc3 20. Qh5 Bf6 21. Rh3
Rg7 22. Qh6 Bd4 23. Bd2 Bb7 24. Re1 Bxg2+ 25. Nxg2 Qg8 26. Rg3 Rxg3 27. hxg3
Qg6 28. Qxg6 Nxg6 29. Bc3 Bxc3 30. bxc3 a5 31. Re6 b4 32. cxb4 cxb4 33. Rxd6 a4
34. Ra6 b3 35. axb3 axb3 36. Ra1 Ne7 37. Ne3 Nc6 38. Nc4 Nb4 39. Rd1 Rd8 40. d4
Rc8 41. Nb2 Rc3 42. d5 Rc2 43. Na4 b2 44. Nxb2 Rxb2 45. d6 Nc6 46. d7 Nd8 47.
Rc1 Rd2 48. Rc5 Rxd7 49. Rxf5 Rd2 50. Kg1 Kg7 51. Ra5 Ne6 52. Ra7+ Kg8 53. f5
Nd4 54. f6 Nf3+ 55. Kf1 Ne5 56. Rg7+ Kh8 57. Re7 h6 58. Rxe5 Kh7 59. Re7+ Kg8
60. Rg7+ Kf8 61. Rh7 Rh2 62. Kg1 Rh5 63. Kg2 Kg8 64. Rg7+ Kf8 65. Rh7 1/2-1/2

[Event "Campionatele Nationale pe Echipe-Superl"]
[Site "?"]
[Date "2014.11.10"]
[Round "?"]
[White "Dobre, Ana Margareta"]
[Black "Ionica, Iulia Ionela"]
[Result "1-0"]
[WhiteElo "1967"]
[BlackElo "2157"]
[PlyCount "57"]
[EventDate "2014.??.??"]

1. e4 c5 2. Nf3 e6 3. d3 d5 4. Nbd2 Nc6 5. g3 Nf6 6. Bg2 Be7 7. O-O Qc7 8. Re1
b6 9. Nf1 Bb7 10. exd5 Nxd5 11. Ng5 Nf6 12. c3 O-O 13. Ne3 h6 14. h4 hxg5 15.
hxg5 Nh7 16. g6 fxg6 17. Qg4 Bf6 18. f4 Nd8 19. Qxg6 Bxg2 20. Nxg2 Qf7 21. Qg4
Re8 22. Kf2 Nc6 23. Rh1 Rad8 24. Be3 Be7 25. Rh2 Ne5 26. Qh3 Nxd3+ 27. Ke2 Qg6
28. Rah1 Nf6 29. Qxe6+ 1-0

[Event "Campionatele Nationale pe Echipe-Superl"]
[Site "?"]
[Date "2014.11.09"]
[Round "?"]
[White "L'Ami, Alina"]
[Black "Dobre, Ana Margareta"]
[Result "1-0"]
[WhiteElo "2393"]
[BlackElo "1967"]
[PlyCount "51"]
[EventDate "2014.??.??"]

1. d4 g6 2. c4 Bg7 3. Nc3 Nf6 4. e4 d6 5. h3 O-O 6. Bg5 c5 7. d5 e6 8. Bd3 exd5
9. cxd5 Re8 10. Nf3 c4 11. Bc2 b5 12. a3 a5 13. O-O Bd7 14. Re1 Qb6 15. e5 dxe5
16. Nxe5 Qb7 17. Qf3 Rxe5 18. Rxe5 Ng4 19. Re7 Ne5 20. Qf4 b4 21. Re1 Na6 22.
R1xe5 Rf8 23. Ne4 f5 24. Rxg7+ Kxg7 25. Re7+ Kg8 26. Qe5 1-0

[Event "Campionatele Nationale pe Echipe-Superl"]
[Site "?"]
[Date "2014.11.08"]
[Round "?"]
[White "Dobre, Ana Margareta"]
[Black "Ionescu Brandis, Irina"]
[Result "0-1"]
[WhiteElo "1967"]
[BlackElo "2133"]
[PlyCount "145"]
[EventDate "2014.??.??"]

1. e4 g6 2. d3 Bg7 3. g3 d5 4. Nd2 c5 5. Bg2 dxe4 6. dxe4 Nc6 7. Ne2 Nf6 8. O-O
O-O 9. c3 e5 10. Qc2 Be6 11. f4 c4 12. Kh1 Qd3 13. Qxd3 cxd3 14. Ng1 Rad8 15.
Nh3 Rfe8 16. Nf2 exf4 17. gxf4 Nh5 18. Nf3 f5 19. e5 Bh6 20. Nh3 Bd5 21. Bd2
Rd7 22. b3 Nd8 23. Nfg5 Ne6 24. Bxd5 Rxd5 25. Nxe6 Rxe6 26. Rad1 Ra6 27. a4 Rb6
28. b4 Rc6 29. Rf3 Rc4 30. Re1 Re4 31. Ref1 Kf7 32. Rd1 Rc4 33. Kg2 a5 34. bxa5
Rxa4 35. Rb1 Rd7 36. Rb6 Re4 37. Nf2 Re2 38. Kf1 Ng7 39. Rxd3 Rxd2 40. Rxd2
Rxd2 41. Rxb7+ Ke6 42. a6 Ra2 43. Nd3 Ra1+ 44. Kf2 Kd5 45. Ke3 g5 46. c4+ Kxc4
47. Rc7+ Kb5 48. a7 gxf4+ 49. Ke2 Ne6 50. Rxh7 f3+ 51. Kf2 Ra2+ 52. Kg3 Be3 53.
Rb7+ Kc4 54. Nb2+ Kd5 55. Kxf3 Bxa7 56. Nd3 Ra3 57. Ke2 Ke4 58. Nb4 Nf4+ 59.
Kd1 Bc5 60. Nc2 Rd3+ 61. Kc1 Kxe5 62. Rh7 Ne2+ 63. Kb2 Rd2 64. Kb1 f4 65. Rh5+
Kd6 66. Rh6+ Kd5 67. Rf6 Kc4 68. Rc6 Nc3+ 69. Kb2 Nd5 70. h4 Rh2 71. h5 Rxh5
72. Ne1 Rh2+ 73. Kc1 0-1

[Event "Targu Mures ROM, Women Ch 2014"]
[Site "Targu Mures ROM"]
[Date "2014.05.04"]
[Round "9.4"]
[White "Dobre, Ana Margareta"]
[Black "Dragomirescu Grigorieva, Angela"]
[Result "0-1"]
[WhiteElo "1922"]
[BlackElo "2239"]
[PlyCount "62"]
[EventDate "2014.04.26"]
[EventType "swiss"]
[EventRounds "9"]
[EventCountry "ROM"]
[Source "Chess Mix"]

1. e4 e5 2. Nf3 Nc6 3. Nc3 Nf6 4. g3 d5 5. exd5 Nxd5 6. Bg2 Nxc3 7. bxc3 Bd6 8.
O-O O-O 9. d4 Bg4 10. Qd3 Qc8 11. Re1 Bf5 12. Qb5 a6 13. Qb3 exd4 14. cxd4 Nb4
15. Re2 Be6 16. c4 b5 17. d5 bxc4 18. Qxc4 Bxd5 19. Qh4 Qf5 20. g4 Qg6 21. Bd2
Rab8 22. Qh3 Be6 23. Ng5 Bd5 24. Nf3 Nc2 25. Nh4 Bxg2 26. Kxg2 Qf6 27. Bc3 Qf4
28. Rd1 Rfe8 29. Rdd2 Rxe2 30. Rxe2 Nd4 31. Bd2 Nxe2 0-1